000 00494nam a2200181Ia 4500
005 20250326125710.0
008 250326s9999 xx 000 0 und d
037 _aTextbook
040 _aFMSL
_beng
_cFMSL
041 _aeng
_2eng
084 _aX:95 L33
_qFMSL
100 _aILO
245 0 _aIncome security in Europe in the light of structural changers
_cILO
260 _aGeneva
_bGeneva, ILO
_c1973
300 _a110p
942 _cTB
_hX:95 L33
999 _c1279175
_d1279175